La epopeya castellana a través de la literatura española

Saved in:
Bibliografiske detaljer
Format: Bog
Sprog:spansk
Udgivet: Buenos Aires Espasa-Calpe 1945
Fag:
Tags: Tilføj Tag
Ingen Tags, Vær først til at tagge denne postø!

MARC

LEADER 00000nam a2200000 a 4500
001 UCY7829
003 CL-VaPUC
005 20220427074624.0
008 950622e19450000AG |||||||||||||||||spa|d
999 |c 235135  |d 235133 
040 |c Pontificia Universidad Católica de Valparaíso 
082 0 4 |a 860.9  |b MEN  |2 21 
245 1 3 |a La epopeya castellana a través de la literatura española 
260 |a Buenos Aires  |b Espasa-Calpe  |c 1945 
300 |a 245 p 
583 |a last modification  |c 19950622 00:00:00  |k Rodrigo Vera 
650 0 |a Literatura española  |9 306261 
650 0 |a Crítica literaria   |9 269189 
650 0 |a Poesía española  |9 264938 
651 0 |a España  |9 254926 
942 |c BK  |2 ddc 
945 |d 19950622 00:00:00  |a rbrito 
952 |0 0  |1 0  |4 0  |6 860_900000000000000_MEN_1945  |7 0  |8 A  |9 242345  |a BIBEDU  |b BIBEDU  |d 2019-11-18  |i 309636K  |o 860.9 MEN 1945  |p 309636K  |r 2019-11-18  |w 2019-11-18  |y BK  |k LIT